|
|
|
|
| LEADER |
01652cas a2200277 a 4500 |
| 001 |
AALejournalIMF021123 |
| 008 |
230101c9999 xx r poo 0 0eng d |
| 020 |
|
|
|c 5.00 USD
|
| 020 |
|
|
|z 9781513551975
|
| 022 |
|
|
|a 1018-5941
|
| 040 |
|
|
|a BD-DhAAL
|c BD-DhAAL
|
| 100 |
1 |
|
|a Carton, Benjamin.
|
| 245 |
1 |
0 |
|a Demographic Transition and Pension Reforms :
|b Adding Demographics to GIMF /
|c Benjamin Carton, Emilio Fernandez Corugedo, Benjamin Hunt, Simon Voigts.
|
| 264 |
|
1 |
|a Washington, D.C. :
|b International Monetary Fund,
|c 2020.
|
| 300 |
|
|
|a 1 online resource (22 pages)
|
| 490 |
1 |
|
|a IMF Working Papers
|
| 500 |
|
|
|a <strong>Off-Campus Access:</strong> No User ID or Password Required
|
| 500 |
|
|
|a <strong>On-Campus Access:</strong> No User ID or Password Required
|
| 506 |
|
|
|a Electronic access restricted to authorized BRAC University faculty, staff and students
|
| 520 |
3 |
|
|a The Global Integrated Monetary and Fiscal model (GIMF) is a multi-region, forward-looking, DSGE model developed at the International Monetary Fund for policy analysis and international economic research. This paper documents the incorporation of demographic features into the model. The analysis presented illustrates how these new features enable the model to estimate some of the macroeconomic consequences of changing demographics.
|
| 538 |
|
|
|a Mode of access: Internet
|
| 700 |
1 |
|
|a Corugedo, Emilio Fernandez.
|
| 700 |
1 |
|
|a Hunt, Benjamin.
|
| 700 |
1 |
|
|a Voigts, Simon.
|
| 830 |
|
0 |
|a IMF Working Papers; Working Paper ;
|v No. 2020/153
|
| 856 |
4 |
0 |
|z Full text available on IMF
|u http://elibrary.imf.org/view/journals/001/2020/153/001.2020.issue-153-en.xml
|z IMF e-Library
|